| 000 | 00370nam a22001457a 4500 | ||
|---|---|---|---|
| 999 |
_c8712 _d8712 |
||
| 003 | OSt | ||
| 008 | 200706b ||||| |||| 00| 0 eng d | ||
| 100 | _aBatra, H.R. | ||
| 245 | _aHandbook of Pharmaceutical Chemistry 111 | ||
| 250 | _a2019 | ||
| 260 |
_aNew Delhi _bVallabh Prakashan |
||
| 300 | _aPg. 216 | ||
| 650 | _aPharmaceutical Organic Chemistry | ||
| 942 |
_2ddc _cBK |
||